000 00243nhm a22001093a 4500
999 _c901
_d901
050 _aRC954 T11 TAB
100 _aTabloski,Patricia A.
245 _aGERONTOLOGICAL NURSING
260 _aNew Jersey
300 _axxix,862pp.,ill.,index,
942 _cBK